[Event "38th Olympiad w"]
[Site "Dresden GER"]
[Date "2008.11.15"]
[Round "3"]
[White "Treppendahl,T"]
[Black "Stojanovic,An"]
[Result "0-1"]
[WhiteElo "2049"]
[BlackElo "2357"]
[EventDate "2008.11.13"]

1. d4 d5 2. Nf3 Nf6 3. Bf4 c5 4. e3 Nc6 5. c3 Qb6 6. Qc1 Bf5 7. Nbd2 cxd4
8. exd4 Rc8 9. a3 h6 10. h3 g5 11. Be5 Bg7 12. Be2 Nxe5 13. Nxe5 Ne4 14.
Nxe4 Bxe4 15. f3 Bxe5 16. dxe5 Bf5 17. Qd2 d4 18. cxd4 Rc2 19. Qb4 O-O 20.
Qxb6 axb6 21. g4 Be6 22. b4 Rfc8 23. Rf1 Rb2 24. Bd3 Rc3 25. Rb1 Ra2 26.
Rd1 Rxd3 27. Rxd3 Bc4 28. Rc3 Ra1+ 29. Kd2 Bxf1 30. Rc7 e6 31. Rxb7 b5 32.
Rb8+ Kg7 33. Ra8 Bc4 34. Ra7 Ra2+ 35. Kc3 Rf2 36. a4 Rxf3+ 37. Kb2 Rxh3 38.
axb5 Bxb5 39. d5 exd5 40. e6 Re3 41. Rxf7+ Kg6 42. Rb7 Bc4 43. e7 Kf7 44.
Rb6 Kxe7 45. Rxh6 Rg3 46. Rb6 Rxg4 47. b5 Rg3 48. Kc1 g4 49. Rb8 Rb3 50. b6
Kd7 51. Rg8 Be2 52. Kd2 Bf3 53. Rg6 Kc8 54. Kc2 Be4+ 0-1

[Event "38th Olympiad w"]
[Site "Dresden GER"]
[Date "2008.11.15"]
[Round "3"]
[White "Benderac,A"]
[Black "Frank Nielsen,M"]
[Result "1-0"]
[WhiteElo "2310"]
[BlackElo "1971"]
[EventDate "2008.11.13"]

1. d4 d5 2. c4 c6 3. e3 Nf6 4. Nc3 g6 5. Nf3 Bg7 6. Be2 O-O 7. O-O Nbd7 8.
cxd5 cxd5 9. a4 Re8 10. Qb3 e6 11. Nb5 Nb8 12. Qc2 Na6 13. Bd2 Ne4 14. Rfc1
Nxd2 15. Qxd2 Bf8 16. Ne5 Bd6 17. Nxd6 Qxd6 18. Bxa6 Qxa6 19. Rc7 Rf8 20.
Qb4 Qb6 21. Qe7 Kg7 22. Ng4 h5 23. Qf6+ Kg8 24. Nh6+ Kh7 25. Rxf7+ Rxf7 26.
Nxf7 1-0

[Event "38th Olympiad w"]
[Site "Dresden GER"]
[Date "2008.11.15"]
[Round "3"]
[White "Mongontuul,B"]
[Black "Lahno,Kateri"]
[Result "1-0"]
[WhiteElo "2410"]
[BlackElo "2488"]
[EventDate "2008.11.13"]

1. e4 c5 2. Nc3 e6 3. g3 d5 4. d3 Nc6 5. Bg2 Nf6 6. f4 Be7 7. e5 Nd7 8. Nf3
b5 9. a3 Qb6 10. Ne2 O-O 11. O-O a5 12. Be3 d4 13. Bf2 Bb7 14. Nd2 f6 15.
exf6 Nxf6 16. Ne4 Ng4 17. Bh3 Nxf2 18. Bxe6+ Kh8 19. Rxf2 Ne5 20. Bh3 Qh6
21. fxe5 Qxh3 22. Nf4 Qf5 23. Qh5 Bxe4 24. dxe4 Qxh5 25. Nxh5 Bg5 26. Nf4
Rfe8 27. e6 Bxf4 28. gxf4 Rxe6 29. Re1 Kg8 30. e5 Rae8 31. Re4 b4 32. axb4
axb4 33. b3 g6 34. Kf1 Kf7 35. Ke2 Ra6 36. Kd3 Ke6 37. Kc4 Ra5 38. Ree2 Rf8
39. h4 Rf5 40. Re4 Rh5 41. Rg2 Ke7 42. Rg4 Ke6 43. Rg5 Rh6 44. h5 Rxh5 45.
Rxh5 gxh5 46. Re1 h4 47. Rh1 Ra2 48. Kxc5 Rxc2+ 49. Kxd4 Kf5 50. Rxh4 Rc3
51. Rxh7 Rxb3 52. Rf7+ Ke6 53. Rf6+ Ke7 54. Rb6 Rb1 55. Ke4 b3 56. Kf5 b2
57. e6 1-0

[Event "38th Olympiad w"]
[Site "Dresden GER"]
[Date "2008.11.15"]
[Round "3"]
[White "Zhukova,N"]
[Black "Yanjindulam,D"]
[Result "1-0"]
[WhiteElo "2488"]
[BlackElo "2286"]
[EventDate "2008.11.13"]

1. d4 Nf6 2. c4 e6 3. Nc3 d5 4. cxd5 exd5 5. Bg5 Bb4 6. e3 O-O 7. Bd3 h6 8.
Bh4 Re8 9. Nge2 b6 10. O-O Bb7 11. Rc1 Nbd7 12. h3 a6 13. a3 Be7 14. b4 c5
15. bxc5 bxc5 16. Rb1 Qc8 17. Bf5 g5 18. Bg3 c4 19. Qc1 Qc6 20. f4 Ne4 21.
Nxe4 dxe4 22. fxg5 hxg5 23. d5 Qc8 24. d6 Bf8 25. Nd4 Bd5 26. Qd1 Qd8 27.
Bxd7 Qxd7 28. Rf5 Bh6 29. Rxd5 Rab8 30. Rc1 Rec8 31. Nf5 Bf8 32. Ne7+ Bxe7
33. dxe7 1-0

[Event "38th Olympiad w"]
[Site "Dresden GER"]
[Date "2008.11.15"]
[Round "3"]
[White "Enxtuul,A"]
[Black "Gaponenko,I"]
[Result "0-1"]
[WhiteElo "1977"]
[BlackElo "2473"]
[EventDate "2008.11.13"]

1. b4 e5 2. Bb2 Bxb4 3. Bxe5 Nf6 4. Nf3 O-O 5. e3 d5 6. Be2 c5 7. O-O Nc6
8. Bb2 Re8 9. d3 d4 10. e4 Ba5 11. a4 Bc7 12. Nbd2 Rb8 13. Ba3 b6 14. Re1
a6 15. Bf1 h6 16. g3 Be6 17. Bg2 Qd7 18. Nb3 a5 19. Qd2 Rbd8 20. Bb2 Bh3
21. Bh1 Ng4 22. Nh4 Nge5 23. f4 c4 24. fxe5 cxb3 25. cxb3 Be6 26. Qd1 Bxe5
27. Nf3 Bf6 28. Rc1 Bg4 29. Qc2 Rc8 30. Qb1 h5 31. Bg2 h4 32. Nxh4 Bxh4 33.
gxh4 Bh3 34. Qc2 Ne5 35. Qe2 Rcd8 36. Kh1 Bg4 37. Qc2 Qe7 38. Rf1 Qxh4 39.
Qc7 Rd7 40. Qxb6 Be2 41. Bxd4 Bxf1 42. Rxf1 Ng4 43. Bg1 Rxd3 44. Qxa5 Nf6
45. Qb5 Red8 46. Bb6 Nxe4 47. Kg1 Nc3 48. Qe5 R8d7 49. a5 Re7 50. Qb8+ Kh7
51. Bf2 Qh6 52. Qb6 Re6 53. Qc5 Rg6 54. Qf5 Rh3 55. Bg3 Ne2+ 56. Kf2 Rh5
57. Qd3 Nxg3 58. hxg3 Qg5 59. Be4 f5 60. Bg2 Qf6 61. Kg1 Rhg5 62. Rf3 Qa1+
63. Kf2 Qxa5 64. Qc4 Qd2+ 65. Kf1 Rd6 66. Qh4+ Kg6 67. Kg1 Qd1+ 68. Rf1
Qxb3 69. Bf3 Qe3+ 70. Kh1 Qd3 71. Kg2 Qd4 72. Qh8 Qe5 73. Qh3 Rd2+ 74. Kh1
Qxg3 75. Qxg3 Rxg3 76. Bh5+ Kg5 77. Bg4 f4 78. Be6 Re3 79. Bc8 Red3 80. Ba6
Rh3+ 81. Kg1 Ra3 82. Bb7 Rda2 83. Bf3 Ra1 84. Bd1 Rd3 85. Kh2 Raxd1 86. Rf2
R1d2 87. Rxd2 Rxd2+ 88. Kh3 Rd3+ 0-1

[Event "38th Olympiad w"]
[Site "Dresden GER"]
[Date "2008.11.15"]
[Round "3"]
[White "Zdebskaja,N"]
[Black "Nyamtuya,O"]
[Result "1-0"]
[WhiteElo "2419"]
[BlackElo "1958"]
[EventDate "2008.11.13"]

1. e4 e5 2. Nf3 Nc6 3. Bb5 a6 4. Ba4 Nf6 5. O-O b5 6. Bb3 Bb7 7. Re1 Bc5 8.
c3 d6 9. d4 Bb6 10. Be3 O-O 11. Nbd2 h6 12. h3 Re8 13. d5 Ne7 14. Bxb6 cxb6
15. Bc2 Ng6 16. Bd3 Nf4 17. Bf1 Bc8 18. a4 bxa4 19. Qxa4 Nh7 20. Qc6 Rb8
21. Nc4 Bxh3 22. gxh3 Ng5 23. Re3 Nfxh3+ 24. Bxh3 Nxh3+ 25. Kf1 Qf6 26.
Qxd6 Qf4 27. Qd7 b5 28. Ncd2 Ng5 29. Nxg5 Qxg5 30. Qf5 Qe7 31. Rxa6 Ra8 32.
d6 Qb7 33. Rxa8 Rxa8 34. d7 g6 35. Qh3 b4 36. c4 Rd8 37. Qxh6 1-0

[Event "38th Olympiad w"]
[Site "Dresden GER"]
[Date "2008.11.15"]
[Round "3"]
[White "Dembo,Y"]
[Black "Sukandar,I"]
[Result "1/2-1/2"]
[WhiteElo "2446"]
[BlackElo "2303"]
[EventDate "2008.11.13"]

1. e4 e5 2. Nf3 Nc6 3. d4 exd4 4. Nxd4 Bc5 5. Be3 Qf6 6. c3 Nge7 7. Bc4 Ne5
8. Be2 Qg6 9. O-O d6 10. f4 Qxe4 11. Bf2 Bxd4 12. cxd4 N5g6 13. Nc3 Qxf4
14. Nb5 O-O 15. Nxc7 Rb8 16. d5 Qg5 17. Bxa7 Bh3 18. Rf2 Rbc8 19. Bb6 Bd7
20. Bf3 Ne5 21. Qb3 Qh4 22. a4 Bg4 23. Be2 Nf5 24. Bb5 Qg5 25. Raf1 Nh4 26.
Qg3 Qe7 27. h3 Bd7 28. Bxd7 Nxd7 29. a5 Ng6 30. Nb5 1/2-1/2

[Event "38th Olympiad w"]
[Site "Dresden GER"]
[Date "2008.11.15"]
[Round "3"]
[White "Lindiawati,E"]
[Black "Botsari,A"]
[Result "1-0"]
[WhiteElo "2121"]
[BlackElo "2308"]
[EventDate "2008.11.13"]

1. e4 c5 2. Nf3 e6 3. d4 cxd4 4. Nxd4 a6 5. Nc3 b5 6. a3 Bb7 7. Be2 Qc7 8.
O-O Nf6 9. Bf3 d6 10. Re1 Nbd7 11. g3 h5 12. Bg5 Be7 13. h4 Ne5 14. Bg2 Rc8
15. Na2 Nc4 16. Rb1 g6 17. c3 O-O 18. Nb4 Qb6 19. Nd3 Rfe8 20. Qe2 e5 21.
Nc2 d5 22. exd5 e4 23. Nf4 Nxd5 24. Nxd5 Bxd5 25. Bxe7 Rxe7 26. Ne3 Bb7 27.
Nxc4 Rxc4 28. Qe3 Qxe3 29. fxe3 a5 30. Rbd1 Rc5 31. Rd4 g5 32. Red1 gxh4
33. gxh4 Re6 34. Rd6 Ree5 35. Bh3 Rcd5 36. R1xd5 Bxd5 37. Bd7 Bc4 38. Kf2
Kf8 39. Kg3 Ke7 40. Rd4 Bd3 41. Kf4 Rc5 42. Bf5 Kf6 43. Bxe4 Bc4 44. Rd6+
Be6 45. Rc6 Rxc6 46. Bxc6 Bc4 47. a4 bxa4 48. Bxa4 Be2 49. b4 axb4 50. cxb4
Ke7 51. Bc6 Kd6 52. Bf3 Bc4 53. Bxh5 Kc6 54. Kf5 Kb5 55. Kf6 Kxb4 56. Bxf7
1-0

[Event "38th Olympiad w"]
[Site "Dresden GER"]
[Date "2008.11.15"]
[Round "3"]
[White "Makropoulou,M"]
[Black "Dewi,A"]
[Result "1-0"]
[WhiteElo "2265"]
[BlackElo "1802"]
[EventDate "2008.11.13"]

1. e4 c5 2. Nf3 d6 3. d4 cxd4 4. Nxd4 Nf6 5. Nc3 e6 6. Be2 a6 7. O-O Be7 8.
f4 O-O 9. Kh1 Qc7 10. a4 Nc6 11. Be3 Re8 12. Qe1 Nxd4 13. Bxd4 e5 14. fxe5
dxe5 15. Qg3 Bd8 16. Be3 Kh8 17. Rad1 Be6 18. Rd2 Be7 19. Bg5 Rad8 20. Bxf6
Bxf6 21. Rfd1 Qb6 22. b3 h6 23. Nd5 Bxd5 24. Rxd5 Qb4 25. Bc4 Rxd5 26. Bxd5
Rd8 27. Qf3 Rd7 28. g3 Rc7 29. c4 Kg8 30. Kg2 a5 31. Rf1 Qd2+ 32. Rf2 Qb4
33. h4 Qe7 34. Qg4 Qd7 35. Qh5 Qe7 36. g4 Qf8 37. g5 Bd8 38. g6 Bf6 39.
gxf7+ Kh8 40. Kh3 b6 41. Qg6 Re7 42. Rxf6 gxf6 43. Qg8+ 1-0

[Event "38th Olympiad w"]
[Site "Dresden GER"]
[Date "2008.11.15"]
[Round "3"]
[White "Kadek,I"]
[Black "Stiri,A"]
[Result "1-0"]
[WhiteElo "1859"]
[BlackElo "2171"]
[EventDate "2008.11.13"]

1. e4 c5 2. Nf3 d6 3. d4 cxd4 4. Nxd4 Nf6 5. Nc3 a6 6. Be2 e5 7. Nb3 Be7 8.
Be3 Be6 9. O-O O-O 10. f3 Nbd7 11. Nd5 Bxd5 12. exd5 b5 13. Kh1 Nb6 14.
Bxb6 Qxb6 15. Qd3 Rac8 16. a4 Rc4 17. axb5 axb5 18. Qd2 Rh4 19. g3 Ra4 20.
Qd3 Rb8 21. c3 Qa7 22. Kg2 Qb7 23. Rfd1 Qa7 24. Rdb1 h5 25. Rd1 h4 26. Rab1
Qd7 27. Bf1 Nh5 28. Qe3 f5 29. Qe1 hxg3 30. hxg3 f4 31. g4 Ng3 32. Be2 Bh4
33. Qd2 Qa7 34. Bd3 e4 35. fxe4 Nxe4 36. Bxe4 Rxe4 37. Nd4 Rbe8 38. Rh1
R8e7 39. Rxh4 Qd7 40. Qd1 g5 41. Rh5 Re1 42. Rxg5+ Kf7 43. Qd3 R1e4 44. Qh3
Qa7 45. Qh7+ Ke8 46. Rg8+ Kd7 47. Qf5+ 1-0

[Event "38th Olympiad w"]
[Site "Dresden GER"]
[Date "2008.11.15"]
[Round "3"]
[White "Cmilyte,V"]
[Black "Colombo,C"]
[Result "1-0"]
[WhiteElo "2512"]
[BlackElo "2071"]
[EventDate "2008.11.13"]

1. d4 Nf6 2. c4 g6 3. Nf3 Bg7 4. g3 O-O 5. Bg2 d6 6. O-O Nc6 7. Nc3 a6 8.
h3 Rb8 9. e4 Na5 10. Qe2 c5 11. dxc5 dxc5 12. Bf4 Ra8 13. Rfd1 Qe8 14. e5
Nd7 15. Nd5 Ra7 16. Nc7 Qd8 17. e6 fxe6 18. Ng5 Rf6 19. Ngxe6 Rxe6 20. Nxe6
Qe8 21. Nxg7 Kxg7 22. Rxd7 Qxd7 23. Rd1 Qe6 24. Be5+ Kh6 25. Qd2+ g5 26.
Qxa5 b6 27. Qc3 Rd7 28. Rxd7 Bxd7 29. h4 Qg4 30. Qe3 Kg6 31. Bf3 1-0

[Event "38th Olympiad w"]
[Site "Dresden GER"]
[Date "2008.11.15"]
[Round "3"]
[White "Silva,Na"]
[Black "Daulyte,D"]
[Result "0-1"]
[WhiteElo "2029"]
[BlackElo "2278"]
[EventDate "2008.11.13"]

1. e4 c5 2. Nc3 Nc6 3. f4 e6 4. Nf3 Nge7 5. Bb5 d5 6. e5 a6 7. Be2 Nf5 8.
d3 Be7 9. O-O O-O 10. g4 Nfd4 11. Rf2 f6 12. exf6 Bxf6 13. g5 Be7 14. h4
Bd6 15. Nxd4 cxd4 16. Nb1 Qc7 17. Qf1 Ne7 18. Bh5 Nf5 19. Qh3 Ne3 20. Bxe3
e5 21. Qg2 dxe3 22. Qxd5+ Kh8 23. Re2 exf4 24. Nc3 Bd7 25. Ne4 Be7 26. Bf3
Rad8 27. Qb3 Qc8 28. Rg2 Bh3 29. Re1 b5 30. a3 Qf5 31. Ree2 Rc8 32. Kh2 Qd7
33. Qa2 a5 34. Rg1 Be6 35. Qb1 b4 36. axb4 axb4 37. b3 Bd8 38. Qe1 Qe7 39.
Qa1 Bb6 40. Qb2 Qd7 41. Qc1 Bd4 42. Qf1 Rc7 43. Qg2 Ra7 44. Rf1 Ra2 45. Rc1
Rc8 46. Rg1 Rc7 47. Rd1 Be5 48. Rg1 Qc8 49. c4 Ra3 50. Rb1 Rd7 51. Nf2 Qb8
52. Ne4 Qc7 53. g6 h6 54. Ng5 hxg5 55. Qxg5 Rxd3 56. Qh5+ Kg8 57. Qh7+ Kf8
58. Qh8+ Ke7 59. Qh5 Raxb3 60. Rxb3 Rxb3 61. Qg5+ Bf6 62. Qb5 Bxc4 0-1

[Event "38th Olympiad w"]
[Site "Dresden GER"]
[Date "2008.11.15"]
[Round "3"]
[White "Donatti,S"]
[Black "Ziogaite,J"]
[Result "1/2-1/2"]
[WhiteElo "1678"]
[BlackElo "2093"]
[EventDate "2008.11.13"]

1. e4 c5 2. c3 Nf6 3. e5 Nd5 4. d4 cxd4 5. cxd4 d6 6. exd6 Qxd6 7. Nc3 Nc6
8. Nf3 g6 9. Bc4 Nb6 10. Bb3 Bg7 11. Be3 O-O 12. O-O Bf5 13. Qd2 Rfd8 14.
Rad1 Rac8 15. Rfe1 Na5 16. Bc2 Nac4 17. Qc1 Bxc2 18. Qxc2 Nd5 19. Rc1 Ncxe3
20. fxe3 Bh6 21. Qe4 Nxc3 22. Rxc3 Rxc3 23. bxc3 b6 24. Ne5 Rc8 25. Qf3 f5
26. c4 e6 27. g4 Bg7 28. Qb7 Qc7 29. Qxc7 Rxc7 30. gxf5 Bxe5 31. dxe5 gxf5
32. Rd1 Kf7 33. Rd4 Ke7 34. Kf2 Rd7 35. Kf3 Rc7 36. Kf4 Rc5 37. e4 fxe4 38.
Kxe4 Ra5 39. Rd2 Ra4 40. Kd3 Ra3+ 41. Kd4 Rf3 42. Ke4 Rf1 43. Rg2 Kf7 44.
Rd2 Re1+ 45. Kf4 Ke7 46. Rg2 Rf1+ 47. Ke4 Re1+ 48. Kf4 Rf1+ 49. Ke4 1/2-1/2

[Event "38th Olympiad w"]
[Site "Dresden GER"]
[Date "2008.11.15"]
[Round "3"]
[White "Sebag,M"]
[Black "Terao,J"]
[Result "1-0"]
[WhiteElo "2533"]
[BlackElo "2143"]
[EventDate "2008.11.13"]

1. e4 c5 2. Nf3 e6 3. d4 cxd4 4. Nxd4 a6 5. Bd3 Bc5 6. Nb3 Ba7 7. Qg4 Qf6
8. O-O Nc6 9. Nc3 h5 10. Qe2 Nge7 11. Be3 b5 12. Bxa7 Rxa7 13. f4 d6 14.
Rae1 e5 15. Nd5 Qh6 16. Nxe7 Rxe7 17. f5 Bb7 18. a3 Rc7 19. Qf2 O-O 20. Re3
Nb8 21. Rh3 Nd7 22. Re1 Rfc8 23. c3 Nf6 24. Na5 Ba8 25. Qe3 Qxe3+ 26. Rhxe3
Rd8 27. Bc2 Re7 28. Bb3 Rde8 29. g3 d5 30. exd5 Bxd5 31. Bxd5 Nxd5 32. Rd3
Nb6 33. Rd6 Na4 34. Re2 f6 35. Rc6 Rb8 36. b3 Nb6 37. Rd2 e4 38. Rdd6 e3
39. Kf1 e2+ 40. Ke1 Na8 41. Rxa6 Rc8 42. Nc6 Re3 43. Re6 Rxe6 44. fxe6 Kf8
45. Nd4 1-0

[Event "38th Olympiad w"]
[Site "Dresden GER"]
[Date "2008.11.15"]
[Round "3"]
[White "Feliciano,V"]
[Black "Skripchenko,A"]
[Result "0-1"]
[WhiteElo "2126"]
[BlackElo "2455"]
[EventDate "2008.11.13"]

1. e4 c5 2. Nf3 Nc6 3. d3 g6 4. g3 Bg7 5. Bg2 Nf6 6. O-O O-O 7. Nc3 d6 8.
h3 Rb8 9. d4 cxd4 10. Nxd4 Nxe4 11. Nxc6 Nxc3 12. Nxe7+ Qxe7 13. bxc3 Bxc3
14. Rb1 Be6 15. Ba3 Rfd8 16. Qd3 Qc7 17. Rfd1 d5 18. Rb3 d4 19. Bc1 Bxb3
20. axb3 Bb4 21. Bg5 Be7 22. Bf4 Bd6 23. Bg5 Re8 24. Qxd4 Be5 25. Qd7 Qxc2
26. Bd5 Qxd1+ 27. Kg2 Kh8 28. Qxf7 Rf8 29. Qe6 Rbe8 30. Be7 Rxe7 0-1

[Event "38th Olympiad w"]
[Site "Dresden GER"]
[Date "2008.11.15"]
[Round "3"]
[White "Collas,S"]
[Black "Chaves,Joa"]
[Result "1-0"]
[WhiteElo "2352"]
[BlackElo "2065"]
[EventDate "2008.11.13"]

1. d4 Nf6 2. Nf3 g6 3. c4 Bg7 4. Nc3 O-O 5. e4 d6 6. Be2 e5 7. d5 a5 8. h3
Na6 9. Bg5 h6 10. Be3 Bd7 11. b3 Kh7 12. a3 b6 13. Nd2 Ng8 14. Qb1 Nc5 15.
h4 Bf6 16. g3 Kg7 17. b4 axb4 18. axb4 Na4 19. Nxa4 Rxa4 20. Rxa4 Bxa4 21.
b5 Be7 22. Qa2 Qa8 23. O-O Bxb5 24. Qxa8 Rxa8 25. cxb5 f5 26. Rc1 Bd8 27.
h5 Nf6 28. hxg6 fxe4 29. Bc4 Kxg6 30. Nxe4 Ng4 31. Bd2 Bg5 32. Nxg5 hxg5
33. Bd3+ Kf6 34. Rxc7 Ra2 35. Bc2 Rb2 36. Rc6 Rxb5 37. Rxd6+ Kf7 38. Bxg5
Rb2 39. Rd7+ Ke8 40. Rc7 e4 41. Bxe4 1-0

[Event "38th Olympiad w"]
[Site "Dresden GER"]
[Date "2008.11.15"]
[Round "3"]
[White "Krush,I"]
[Black "Malikgulyewa,A"]
[Result "1-0"]
[WhiteElo "2452"]
[BlackElo "2051"]
[EventDate "2008.11.13"]

1. d4 d5 2. c4 c6 3. Nc3 Nf6 4. Nf3 e6 5. Bg5 Nbd7 6. e3 Qa5 7. Nd2 Bb4 8.
Qc2 Ne4 9. Ndxe4 dxe4 10. Bh4 O-O 11. Be2 e5 12. O-O f5 13. a3 Bxc3 14.
bxc3 Kh8 15. Be7 Re8 16. Bd6 Re6 17. c5 Rh6 18. f3 exd4 19. exd4 Nf6 20.
fxe4 fxe4 21. Qxe4 Bd7 22. Qd3 Re8 23. Bf3 Nd5 24. Rae1 Qxc3 25. Rxe8+ Bxe8
26. Bxd5 1-0

[Event "38th Olympiad w"]
[Site "Dresden GER"]
[Date "2008.11.15"]
[Round "3"]
[White "Hallaeva,B"]
[Black "Zatonskih,A"]
[Result "0-1"]
[WhiteElo "2119"]
[BlackElo "2440"]
[EventDate "2008.11.13"]

1. e4 c6 2. c4 d5 3. exd5 cxd5 4. cxd5 Nf6 5. Nc3 Nxd5 6. d4 e6 7. Nf3 Bb4
8. Bd2 Nc6 9. Bd3 Be7 10. Nxd5 Qxd5 11. Bc3 O-O 12. O-O Rd8 13. Qc2 Qh5 14.
a3 Bd7 15. Rfe1 Be8 16. Rad1 Rac8 17. Qb1 Bf6 18. Be4 b6 19. Ne5 Nxd4 20.
Bxd4 Rxd4 21. Rxd4 Bxe5 22. Rdd1 Qxh2+ 23. Kf1 g6 24. Re3 Qh1+ 25. Ke2 Qh5+
26. Ke1 Ba4 27. b3 Bb5 28. Bf3 Qh1+ 29. Kd2 Qh4 30. g3 Qf6 31. Rc1 Rd8+ 32.
Ke1 Bd4 33. Rd1 Bc3+ 0-1

[Event "38th Olympiad w"]
[Site "Dresden GER"]
[Date "2008.11.15"]
[Round "3"]
[White "Goletiani,R"]
[Black "Isaeva,Ak"]
[Result "1-0"]
[WhiteElo "2359"]
[BlackElo "2063"]
[EventDate "2008.11.13"]

1. Nf3 d5 2. c4 dxc4 3. Qa4+ Bd7 4. Qxc4 Nc6 5. d4 e6 6. e3 Nf6 7. Be2 Rc8
8. O-O Na5 9. Qd3 c5 10. b3 cxd4 11. Nxd4 Nd5 12. a3 Be7 13. e4 Rxc1 14.
Rxc1 Nf4 15. Qf3 e5 16. Rd1 Qc7 17. Nf5 Bxf5 18. Bb5+ Kf8 19. exf5 Qc2 20.
Nd2 Qxf5 21. Ne4 Qe6 22. Rac1 g6 23. b4 Nb3 24. Bc4 Qf5 25. Bxb3 g5 26. Ng3
Nh3+ 27. Kf1 Qxf3 28. gxf3 1-0

[Event "38th Olympiad w"]
[Site "Dresden GER"]
[Date "2008.11.15"]
[Round "3"]
[White "Maeckelberg,M"]
[Black "Djingarova,E"]
[Result "0-1"]
[WhiteElo "1959"]
[BlackElo "2352"]
[EventDate "2008.11.13"]

1. e4 c5 2. Nf3 e6 3. d4 cxd4 4. Nxd4 Nc6 5. Nc3 Qc7 6. Be2 a6 7. O-O Nf6
8. a3 Be7 9. Be3 O-O 10. f4 d6 11. Qd2 Na5 12. b3 b5 13. Bf3 Bb7 14. Rad1
Rac8 15. Nde2 Nc6 16. Qe1 Rfe8 17. Qf2 Nd7 18. Rd2 b4 19. Nb1 Nf6 20. Ng3
bxa3 21. Nxa3 d5 22. Nb1 d4 23. Bxd4 Nxd4 24. Qxd4 Bc5 0-1

[Event "38th Olympiad w"]
[Site "Dresden GER"]
[Date "2008.11.15"]
[Round "3"]
[White "Voiska,M"]
[Black "Stolarczyk,An"]
[Result "1-0"]
[WhiteElo "2318"]
[BlackElo "2001"]
[EventDate "2008.11.13"]

1. Nf3 d5 2. c4 c6 3. e3 Nf6 4. d4 Bf5 5. Nc3 e6 6. Be2 Nbd7 7. Nh4 Bg6 8.
Nxg6 hxg6 9. h3 Qc7 10. Bd2 Be7 11. Rc1 a6 12. Qb3 dxc4 13. Bxc4 g5 14. e4
g4 15. e5 Ng8 16. Ne4 Rd8 17. Qg3 Nf8 18. Qxg4 Ng6 19. Bxe6 Rh4 20. Bxf7+
Kxf7 21. e6+ Kf8 22. Qxg6 Rxe4+ 23. Qxe4 Nf6 24. Qg6 Bd6 25. O-O Bh2+ 26.
Kh1 Rxd4 27. Ba5 1-0

[Event "38th Olympiad w"]
[Site "Dresden GER"]
[Date "2008.11.15"]
[Round "3"]
[White "Fries,E"]
[Black "Raeva,E"]
[Result "0-1"]
[WhiteElo "1738"]
[BlackElo "2251"]
[EventDate "2008.11.13"]

1. d4 d5 2. Nf3 Nf6 3. Bg5 Bf5 4. e3 c6 5. Bd3 Bg6 6. O-O Nbd7 7. c4 e6 8.
Qc2 Bd6 9. Nbd2 O-O 10. e4 e5 11. dxe5 Nxe5 12. Nxe5 Bxe5 13. exd5 Bxh2+
14. Kh1 Bc7 15. Bxg6 fxg6 16. dxc6 Qd6 17. g3 Qxc6+ 18. Kg1 Rae8 19. Rae1
Ng4 20. Ne4 Ne5 21. Nd2 Ba5 22. Bf4 Bxd2 23. Rxe5 Bxf4 24. Rxe8 Qxe8 25.
gxf4 Rxf4 26. Rd1 h5 27. Qd3 Kh7 28. b3 Qe5 29. Kf1 Qf6 30. Qe3 a6 31. Rd7
Qf5 0-1

[Event "38th Olympiad w"]
[Site "Dresden GER"]
[Date "2008.11.15"]
[Round "3"]
[White "Ptacnikova,L"]
[Black "Muzychuk,A"]
[Result "0-1"]
[WhiteElo "2237"]
[BlackElo "2508"]
[EventDate "2008.11.13"]

1. c4 e5 2. g3 c6 3. d4 e4 4. Bg2 d5 5. Nc3 h6 6. cxd5 cxd5 7. Qb3 Nf6 8.
Bf4 Nc6 9. Be5 Bd6 10. Bxf6 Qxf6 11. Qxd5 O-O 12. Nxe4 Bb4+ 13. Kf1 Qe7 14.
e3 Be6 15. Qb5 a6 16. Qd3 Rac8 17. Ne2 Rfd8 18. b3 Bf5 19. Rd1 Bh7 20. h3
Ba5 21. Rg1 Nb4 22. Qb1 Nc2 23. f3 Nxe3+ 24. Kf2 Nxd1+ 25. Qxd1 Bxe4 26.
fxe4 Qf6+ 27. Ke3 Bb6 28. Qd3 Bxd4+ 29. Nxd4 Rxd4 0-1

[Event "38th Olympiad w"]
[Site "Dresden GER"]
[Date "2008.11.15"]
[Round "3"]
[White "Krivec,J"]
[Black "Thorsteinsdottir,G"]
[Result "1-0"]
[WhiteElo "2345"]
[BlackElo "2156"]
[EventDate "2008.11.13"]

1. e4 c5 2. Nf3 e6 3. d4 cxd4 4. Nxd4 a6 5. Bd3 Qc7 6. O-O Nf6 7. Qe2 d6 8.
c4 Nbd7 9. b3 g6 10. Bb2 Bg7 11. Nf3 O-O 12. Nc3 b6 13. Rac1 Bb7 14. b4
Rac8 15. Ba3 Rfd8 16. h3 Qb8 17. Rfd1 Nf8 18. Na4 N6d7 19. Bb2 e5 20. Qe3
Ba8 21. Nc3 Nf6 22. Nd5 Bxd5 23. cxd5 b5 24. Nd2 N8d7 25. Nb3 Qb6 26. Qd2
Nb8 27. Na5 h5 28. Rxc8 Rxc8 29. Rc1 Rxc1+ 30. Qxc1 Nfd7 31. Qc8+ Bf8 32.
Nc6 Kg7 33. Bc1 Nxc6 34. dxc6 Nb8 35. c7 1-0

[Event "38th Olympiad w"]
[Site "Dresden GER"]
[Date "2008.11.15"]
[Round "3"]
[White "Fridthjofsdottir,S"]
[Black "Srebrnic,A"]
[Result "0-1"]
[WhiteElo "1806"]
[BlackElo "2290"]
[EventDate "2008.11.13"]

1. e4 e5 2. Nc3 Nf6 3. Nf3 d6 4. d4 Nbd7 5. Bc4 Be7 6. O-O O-O 7. Re1 c6 8.
a4 b6 9. d5 cxd5 10. Nxd5 Bb7 11. b3 Rc8 12. Ba3 Nc5 13. Nxf6+ Bxf6 14. Bd5
Qd7 15. Qd2 Rfd8 16. Rad1 Ne6 17. c4 Bxd5 18. Qxd5 Nf4 19. Qd2 Nxg2 20.
Kxg2 Qg4+ 21. Kh1 Qxf3+ 22. Kg1 Qxb3 23. Re3 Qxa4 24. Rg3 Qxc4 25. Qh6 Kh8
26. Qh5 g6 27. Qf3 Bg7 28. Bc1 Qe6 29. Rh3 Rc3 30. Qxc3 Qg4+ 31. Kf1 Qxd1+
32. Kg2 Qg4+ 33. Kf1 Rc8 0-1

[Event "38th Olympiad w"]
[Site "Dresden GER"]
[Date "2008.11.15"]
[Round "3"]
[White "Rozic,V"]
[Black "Kristinardottir,E"]
[Result "1-0"]
[WhiteElo "2293"]
[BlackElo "1776"]
[EventDate "2008.11.13"]

1. d4 d5 2. Bf4 Nf6 3. e3 Bf5 4. c4 c6 5. Nc3 e6 6. Qb3 Qb6 7. c5 Qxb3 8.
axb3 Nbd7 9. h3 Be7 10. b4 O-O 11. Nf3 Ne4 12. Nxe4 Bxe4 13. Nd2 Bg6 14.
Nb3 a6 15. Na5 Ra7 16. Be2 f6 17. Bg4 Bf7 18. Kd2 h5 19. Be2 e5 20. Bh2 Re8
21. Ra3 Rc8 22. Nxb7 Rxb7 23. Bxa6 Rcb8 24. Bxb7 Rxb7 25. Ra8+ Kh7 26. Kc3
exd4+ 27. exd4 Nf8 28. Rc8 Ne6 29. Rxc6 Nxd4 30. Kxd4 Rxb4+ 31. Kc3 Rc4+
32. Kd2 Bxc5 33. Rc1 Bb4+ 34. Ke2 Re4+ 35. Kf1 Be8 36. Rb6 Ba5 37. Rb8 d4
38. f3 Re6 39. b4 Bb6 40. Bf4 Bb5+ 41. Kg1 d3+ 42. Kh1 Ba6 43. b5 Bxb5 44.
Rb1 Ba5 45. R8xb5 d2 46. Rxh5+ Kg6 47. Rxa5 Re1+ 48. Kh2 1-0

[Event "38th Olympiad w"]
[Site "Dresden GER"]
[Date "2008.11.15"]
[Round "3"]
[White "Perez,En"]
[Black "Repkova,E"]
[Result "0-1"]
[WhiteElo "2097"]
[BlackElo "2400"]
[EventDate "2008.11.13"]

1. d4 d5 2. e3 Nf6 3. f4 Bf5 4. Bd3 e6 5. Nf3 c5 6. c3 Nc6 7. O-O Bd6 8.
Ne5 O-O 9. Qe2 Qb6 10. Kh1 c4 11. Bxf5 exf5 12. Nd2 Qc7 13. Rf3 Ne7 14. Rh3
Rfe8 15. Nf1 Ne4 16. Ng3 Nxg3+ 17. hxg3 g6 18. Bd2 h5 19. Kg1 Kg7 20. Kf2
Ng8 21. Rah1 Nf6 22. Kg1 b5 23. b3 Qa5 24. Be1 Qa3 25. Qc2 Rac8 26. Kf1
cxb3 27. axb3 Bxe5 28. fxe5 Ne4 29. Ke2 b4 30. Bd2 Nxc3+ 31. Kf3 Ne4 32.
Qd3 Qb2 33. Be1 Rc3 34. Qb5 Ng5+ 35. Kf4 Ne6+ 36. Kf3 Nxd4+ 0-1

[Event "38th Olympiad w"]
[Site "Dresden GER"]
[Date "2008.11.15"]
[Round "3"]
[White "Pokorna,Reg"]
[Black "De la Cruz,M"]
[Result "1-0"]
[WhiteElo "2376"]
[BlackElo "2045"]
[EventDate "2008.11.13"]

1. e4 c5 2. Nf3 e6 3. d4 cxd4 4. Nxd4 a6 5. Nc3 Qc7 6. Bd3 Nf6 7. O-O Be7
8. Be3 d6 9. f4 Nbd7 10. Qf3 b5 11. a3 Bb7 12. Rae1 h6 13. f5 e5 14. Nb3
Nb6 15. Na5 Bc8 16. b4 Nc4 17. Bxc4 bxc4 18. Bf2 Bd7 19. Kh1 O-O 20. Bh4
Bb5 21. Bxf6 Bxf6 22. Nd5 Qd8 23. Nb7 Qd7 24. Nxf6+ gxf6 25. Qh5 Kg7 26.
Na5 Rh8 27. Rd1 Kf8 28. Qf3 Qc7 29. Rd5 Ke7 30. Rfd1 Rad8 31. Qe3 h5 32.
Ra1 Rhg8 33. a4 Bd7 34. Qe2 c3 35. Qxa6 Rg4 36. Re1 h4 37. h3 Rg3 1-0